|
|
|
|
| LEADER |
00000nam a2200000 a 4500 |
| 001 |
vtls001286019 |
| 003 |
SK-MaSNL |
| 005 |
20260425224901.0 |
| 008 |
251112s1817 xo b 001 ger |
| 015 |
|
|
|a SNBHFAuuuu
|
| 035 |
|
|
|a urn:nbn:sk:snk-am00c4ag
|
| 035 |
|
|
|a E022D7F1-EC32-4715-AA6C-40E10ED7AEF3
|
| 035 |
|
|
|a urn:nbn:sk:snk-am00eonp
|
| 035 |
|
|
|a 8D2F2753-4056-44D5-8226-CE00003BB98F
|
| 035 |
|
|
|a urn:nbn:sk:snk-am3iao2
|
| 040 |
|
|
|a SNK
|b slo
|c SNK
|e AACR2
|
| 041 |
0 |
|
|a ger
|
| 072 |
|
7 |
|a 912
|x Mapy. Atlasy
|2 konspekt
|
| 080 |
|
|
|a 91
|2 2001
|
| 080 |
|
|
|a (439)
|2 2001
|
| 080 |
|
|
|a (437.6)
|2 2001
|
| 080 |
|
|
|a 912.43
|2 2001
|
| 100 |
1 |
|
|a Korabinský, Ján Matej,
|d 1740-1811
|4 aut
|4 aui
|9 37803
|
| 245 |
1 |
0 |
|a Atlas Regni Hungariae. Portatilis
|b Neue und vollständige Darstellung des Kőnigreichs Ungarn auf LX.Tafeln im Taschenformat Ein geographisches Noth- und Hülfsbüchlein fürs gemeine Leben
|c von Joh. Math. Korabinsky
|
| 260 |
|
|
|a [Preßburg]
|b [bey Joseph Landes Buchhändler]
|c [1817]
|
| 300 |
|
|
|a LIX, [1] s.
|b mapy
|c 14x23 cm
|
| 500 |
|
|
|a Dielo obsahuje 56 máp
|
| 504 |
|
|
|a Obsahuje abecedný miestny register
|
| 508 |
|
|
|a Predslov autora
|
| 550 |
|
|
|a Impresorské údaje sú prevzaté zo štítka nalepeného na predtitulnom liste
|
| 561 |
|
|
|a Okrúhla pečiatka: Nyitravármegyei Muzeum 1900.
|5 SNK SE 894 D2
|
| 650 |
0 |
7 |
|a geografia
|2 SNKPH
|9 823
|
| 650 |
0 |
7 |
|a kartografia
|2 SNKPH
|9 820
|
| 650 |
0 |
7 |
|a mapy
|2 SNKPH
|9 871
|
| 651 |
|
7 |
|a Uhorsko
|2 SNKPHgeo
|9 28673
|
| 651 |
|
7 |
|a Slovensko
|2 SNKPHgeo
|9 14231
|
| 655 |
|
7 |
|a atlasy
|2 SNKPH
|9 70424
|
| 700 |
1 |
|
|a Hamuljak, Martin,
|d 1789-1859
|4 fmo
|9 79936
|
| 700 |
1 |
|
|a Landes, Jozef,
|d zomrel 1842
|4 prt
|9 190362
|
| 752 |
|
|
|a Slovensko
|d Bratislava
|
| 958 |
|
|
|a ONDV
|
| 999 |
|
|
|c 628434
|d 630364
|
| 952 |
|
|
|a SNK
|b SNK
|y PREZ
|7 0
|p 17A0064773
|o snkSE 894 D1
|i snkKSK 1661/57
|8 3
|0 0
|1 0
|4 0
|d 1997-05-07
|l 0
|r 2005-01-02 00:00:00
|w 2026-02-23
|
| 952 |
|
|
|a SNK
|b SNK
|y PREZ
|7 0
|p 17A0732928
|o snkSE 894
|i snk5386/50
|0 0
|1 0
|4 0
|d 2011-11-08
|f 1
|l 0
|r 2026-02-23 17:17:04
|w 2026-02-23
|
| 952 |
|
|
|t Ham 759
|a SNK
|b SNK
|c SNK_HF
|y PREZ
|7 0
|p 17A1127260
|o snkSE 894 D2
|i snkF 1462/1967
|8 5
|0 0
|1 0
|4 0
|d 2015-02-10
|f 1
|l 0
|r 2026-02-23 17:17:04
|w 2026-02-23
|